[Event "Floripa Chess Open 2024"]
[Site "Florianopolis"]
[Date "2024.01.23"]
[Round "5.22"]
[White "Tomiello, Lucas Costamilan"]
[Black "Urquiza, Marcello De Albuque"]
[Result "1-0"]
[WhiteElo "2306"]
[BlackElo "2050"]
[PlyCount "35"]
[EventDate "2024.01.20"]
[EventRounds "10"]
[EventCountry "BRA"]

1. e4 c5 2. Nf3 Nf6 3. e5 Nd5 4. Nc3 e6 5. Nxd5 exd5 6. d4 Nc6 7. dxc5 Bxc5 8.
Bd3 d6 9. exd6 O-O 10. O-O Qxd6 11. Re1 Nb4 ({RR} 11... h6 12. Be3 Bg4 13. Bxc5
Qxc5 14. h3 {1/2-1/2 (14) Karjakin,S (2782)-Mamedyarov,S (2808) Paris FRA 2018}
) ({RR} 11... h6 12. Be3 d4 13. Bd2 Bg4 14. Qe2 Bh5 15. a3 Bb6 16. Qe4 Bg6 17.
Qf4 Qxf4 18. Bxf4 Rac8 19. Rad1 Rfd8 20. Bxg6 fxg6 21. h4 Rf8 22. Bd6 Rfd8 23.
Bg3 Re8 24. b4 a6 25. Kf1 Kf7 26. Be5 {Plenca,J (2447)-Tischbierek,R (2423)
Berlin GER 2023 1/2-1/2 (42)}) 12. Be3 h6 $146 ({RR} 12... Nxd3 13. Qxd3 Bg4
14. Bxc5 Qxc5 15. Nd4 Rfe8 16. c3 Bd7 17. Qd2 Qd6 18. Rxe8+ Rxe8 19. Re1 Re5
20. Rxe5 Qxe5 21. f3 f6 22. h3 Kf7 23. Kf2 h5 24. Qe3 g5 25. Qd3 Kg7 26. Ne2 a6
27. f4 {Berelowitsch,A (2587)-Afek,Y (2350) Haarlem 2007 1-0 (60)}) 13. h3 Be6
14. c3 Bxe3 15. Rxe3 Nc6 16. Bc2 Qf4 17. Qd3 g6 18. Rxe6 1-0

[Event "Floripa Chess Open 2024"]
[Site "Florianopolis"]
[Date "2024.01.23"]
[Round "5.23"]
[White "Piccoli, Lucas Fonseca"]
[Black "Bastos Seixas, Pedro Lucas"]
[Result "1/2-1/2"]
[WhiteElo "2263"]
[BlackElo "2049"]
[PlyCount "92"]
[EventDate "2024.01.20"]
[EventRounds "10"]
[EventCountry "BRA"]

1. Nf3 Nf6 2. c4 e6 3. e3 d5 4. Nc3 c6 5. b3 Nbd7 6. Bb2 Bd6 7. Qc2 Qe7 8. a3 (
{RR} 8. Be2 a6 9. d4 b6 10. O-O Bb7 11. Rad1 O-O 12. Rfe1 Rac8 13. e4 dxe4 14.
Nxe4 Nxe4 15. Qxe4 Nf6 16. Qh4 Bb4 17. Rf1 Ba3 18. Ba1 c5 19. Bd3 h6 20. d5
exd5 21. cxd5 Rce8 22. d6 Qd8 {Kovalenko,I (2646)-Solozhenkin,E (2476) Riga
2013 1-0}) ({RR} 8. Be2 h6 9. O-O Nc5 10. b4 Ncd7 11. b5 O-O 12. d4 e5 13. bxc6
bxc6 14. cxd5 cxd5 15. Nb5 e4 16. Ne5 Bxe5 17. dxe5 Nxe5 18. Ba3 Qd8 19. Bxf8
Qxf8 20. Nc7 Rb8 21. Rab1 Rxb1 22. Rxb1 Bg4 {Zhao,Y (2462)-Londono,D (1638)
Hong Kong HKG 2023 1-0 (32)}) 8... O-O 9. Be2 b6 $146 ({RR} 9... a6 10. cxd5
cxd5 11. Nd4 Ne5 12. f4 Nc6 13. Nxc6 bxc6 14. Na4 c5 15. Nb6 Rb8 16. Nxc8 Rfxc8
17. Bxa6 Rc6 18. Bd3 Rcb6 19. b4 cxb4 20. axb4 Rxb4 21. Bc3 R4b7 22. O-O e5 23.
Ra6 d4 24. fxe5 {Ornstein,A (2470)-Bednarski,J (2425) Oslo 1976 1/2-1/2}) ({RR
} 9... a6 10. d4 dxc4 11. bxc4 e5 12. O-O Re8 13. c5 Bc7 14. Rae1 e4 15. Nd2
Nf8 16. f3 exf3 17. Bxf3 Ng4 18. Bxg4 Bxg4 19. Nc4 Qe6 20. Ne2 Qh6 21. Ng3 Re6
22. e4 Qh4 23. e5 Rh6 24. Nd6 {Bukic,E (2500)-Cabrilo,G (2335) Bor 1976 1/2-1/
2 (57)}) 10. cxd5 cxd5 11. Nb5 Bb7 12. Nxd6 Qxd6 13. O-O Rac8 14. Qd1 Ng4 15.
h3 Nge5 16. Nd4 Nc6 17. Nb5 Qb8 18. f4 f6 19. b4 a5 20. Nd4 Nxd4 21. Bxd4 Qd6
22. Qe1 e5 23. fxe5 fxe5 24. Qg3 Rxf1+ 25. Rxf1 Rc6 26. Ba1 Qe7 27. Bg4 Rg6 28.
Qf3 Nf6 29. Bf5 d4 30. e4 Rh6 31. d3 Ne8 32. Bb2 Nd6 33. Qg3 Rf6 34. Bc1 Nxf5
35. exf5 h6 36. Bd2 Kh7 37. Qh4 Qf7 38. Qg4 Qb3 39. Rc1 Qf7 40. Rf1 Kh8 41. Be1
Bc8 42. Bg3 Bxf5 43. Qe2 Qg6 44. Qxe5 Bxd3 45. Rxf6 Qxf6 46. Qxf6 gxf6 1/2-1/2

[Event "Floripa Chess Open 2024"]
[Site "Florianopolis"]
[Date "2024.01.23"]
[Round "5.24"]
[White "Lima, Vinicius Taishun"]
[Black "Dos Santos Dutra, Fernando Junior Fre"]
[Result "0-1"]
[WhiteElo "2047"]
[BlackElo "2262"]
[PlyCount "56"]
[EventDate "2024.01.20"]
[EventRounds "10"]
[EventCountry "BRA"]

1. e4 c5 2. Nf3 d6 3. d4 cxd4 4. Nxd4 Nf6 5. Nc3 a6 6. f4 e5 7. Nf3 Nbd7 8. a4
Be7 9. Bd3 O-O 10. O-O exf4 11. Kh1 Re8 $146 ({RR} 11... Qb6 12. a5 Qc5 13.
Bxf4 Ne5 14. Qe1 Be6 15. Na4 Qc7 16. Nd4 Nc6 17. Be3 Nxd4 18. Bxd4 Nd7 19. Nb6
Rae8 20. Qg3 Ne5 21. Nd5 Qb8 22. c4 f6 23. Be2 Kh8 24. Rfc1 Bd8 25. Bf1 Bf7 26.
Bc3 {Kudriashov,A-Sabitov,O (2240) Moscow (Russia) 1983 1-0 (65)}) ({RR} 11...
Nh5 12. Ne1 Ne5 13. Be2 Nf6 14. Bxf4 Be6 15. Nd3 Ng6 16. Bg3 d5 17. Bf3 d4 18.
Ne2 Ng4 19. Bxg4 Bxg4 20. h3 Be6 21. Bf2 Bf6 22. Bg1 Rc8 23. Ng3 Re8 24. Nh5
Bg5 25. b3 Qd6 26. Ne1 {Bauer,C (2517)-Gelfand,B (2692) France 2000 1/2-1/2  
(51)}) ({RR} 11... Nh5 12. Be2 Ndf6 13. Ne1 g6 14. Nd3 Re8 15. Nxf4 Nxf4 16.
Bxf4 Be6 17. Qd4 Rc8 18. Bh6 d5 19. exd5 Bxd5 20. Nxd5 Qxd5 21. Qxd5 Nxd5 22.
Bf3 Nf6 23. c3 b5 24. a5 b4 25. cxb4 Bxb4 26. Bb7 {Hamdouchi,H (2601)
-Istratescu,A (2607) Bergara 2010 1/2-1/2 (38)}) ({RR} 11... Qb6 12. a5 Qc5 13.
Bxf4 Ne5 14. Qd2 Be6 15. Na4 Qc7 16. Nb6 Rae8 17. Ra3 Nfd7 18. Rc3 Nc6 19. Nd5
Qd8 20. Nxe7+ Qxe7 21. Bxa6 Nde5 22. Bb5 Rd8 23. a6 {1-0 (23) Gayson,P-Sampson,
M Swansea 1987}) 12. Bxf4 Bf8 13. Nd4 Qb6 14. Nf5 Nc5 15. a5 Qxb2 16. Qd2 Ncxe4
17. Bxe4 Nxe4 18. Nxe4 Rxe4 19. Nxd6 Bxd6 20. Qxd6 Be6 21. Rab1 Qxc2 22. Rfc1
Qa2 23. Rxb7 h6 24. Rb8+ Rxb8 25. Qxb8+ Kh7 26. Bc7 Rc4 27. Rg1 Bd5 28. h3 Rc1
0-1

[Event "Floripa Chess Open 2024"]
[Site "Florianopolis"]
[Date "2024.01.23"]
[Round "5.26"]
[White "De Siqueira, Luigy Lira"]
[Black "De Oliveira, Yuri Garcia"]
[Result "1-0"]
[WhiteElo "2230"]
[BlackElo "1997"]
[PlyCount "121"]
[EventDate "2024.01.20"]
[EventRounds "10"]
[EventCountry "BRA"]

1. e4 c5 2. Nf3 d6 3. Bb5+ Nd7 4. d4 cxd4 5. Qxd4 a6 6. Be2 e5 7. Qe3 Ngf6 8.
O-O b5 ({RR} 8... Nc5 9. Nfd2 b5 10. c4 bxc4 11. Nc3 Bb7 12. Bxc4 Be7 13. b4
Ne6 14. Nb3 Rc8 15. Na5 Qd7 16. Qd3 O-O 17. Be3 Bd8 18. Nxb7 Qxb7 19. Nd5 Nc7
20. Nxf6+ Bxf6 21. Rab1 Rfd8 22. Rfd1 h6 23. f3 {Carlsen,M (2870)
-Nepomniachtchi,I (2773) Kolkata IND 2019 1-0 (44)}) ({RR} 8... Nc5 9. Nc3 Be7
10. h3 b5 11. b4 Ne6 12. a4 bxa4 13. Rxa4 O-O 14. Bb2 Nf4 15. Bc4 Qd7 16. Rfa1
Nxg2 17. Kxg2 Qxh3+ 18. Kg1 Ng4 19. Bf1 Qh5 20. Qe2 f5 21. Bg2 Bb7 22. b5 a5
23. Rxa5 {Dyachuk,A (2240)-Kramnik,V (2753) chess.com INT 2024 1-0}) 9. c4 Be7
$146 ({RR} 9... b4 10. a3 Bb7 11. Bd3 Nc5 12. Nbd2 a5 13. Bc2 Be7 14. Kh1 O-O
15. Ng1 Nfd7 16. Ne2 Bg5 17. f4 Bh6 18. Qg3 Kh8 19. fxe5 dxe5 20. Nf3 Bxc1 21.
Raxc1 Qe7 22. Qg4 bxa3 23. bxa3 Bxe4 24. Bxe4 {Buiza Prieto,E (2086)-Iniyan,P 
(2555) Sitges ESP 2021 0-1 (33)}) ({RR} 9... Qb6 10. Nc3 bxc4 11. Bxc4 Be7 12.
Qe2 O-O 13. Be3 Qb8 14. Rfd1 Bb7 15. Nh4 g6 16. Nf3 Kg7 17. Bg5 h6 18. Bxf6+
Nxf6 19. Nd5 Bxd5 20. Bxd5 Nxd5 21. Rxd5 Rc8 22. b3 a5 23. Rb5 Qc7 24. a4 {
Demchenko,A (2610)-Sjugirov,S (2663) chess.com INT 2021 1/2-1/2 (64)}) 10. cxb5
axb5 11. Bxb5 Bb7 12. Nc3 O-O 13. a4 Nc5 14. Nd2 d5 15. exd5 Nxd5 16. Nxd5 Qxd5
17. Nf3 Nb3 18. Rb1 Nd4 19. Kh1 Nxb5 20. axb5 Qxb5 21. Bd2 f6 22. Nh4 Qd5 23.
Rfd1 Bc5 24. Qg3 Qe6 25. Rbc1 Bd6 26. Bh6 Rf7 27. h3 Kh8 28. Rxd6 Qxd6 29.
Bxg7+ Rxg7 30. Qxg7+ Kxg7 31. Nf5+ Kg6 32. Nxd6 Bd5 33. Rd1 Bc6 34. Nc4 Bb5 35.
Ne3 Ra2 36. Rd2 h5 37. Kh2 Bc6 38. Kg3 Kg5 39. h4+ Kg6 40. Nc4 Bb5 41. Ne3 Bc6
42. Rd6 Be4 43. Rb6 Ra1 44. Nc4 Kg7 45. Nd6 Bg6 46. b4 Rb1 47. b5 f5 48. Nc4
f4+ 49. Kh2 e4 50. Rb7+ Kf6 51. b6 Rb4 52. Rc7 Bf7 53. Rc6+ Be6 54. g3 f3 55.
g4 hxg4 56. Kg3 Kf5 57. Ne3+ Ke5 58. h5 Rb1 59. h6 Rh1 60. Rxe6+ Kxe6 61. b7
1-0

[Event "Floripa Chess Open 2024"]
[Site "Florianopolis"]
[Date "2024.01.23"]
[Round "5.27"]
[White "Mesquita, Guilherme"]
[Black "Gattass, Allan"]
[Result "1/2-1/2"]
[WhiteElo "1975"]
[BlackElo "2225"]
[PlyCount "94"]
[EventDate "2024.01.20"]
[EventRounds "10"]
[EventCountry "BRA"]

1. e4 c5 2. Nf3 Nc6 3. d4 cxd4 4. Nxd4 Nf6 5. Nc3 e6 6. a3 d6 7. Be2 Be7 8. Be3
O-O 9. O-O a6 10. f4 ({RR} 10. Bf3 Ne5 11. Qe2 b5 12. g3 Nxf3+ 13. Nxf3 Bb7 14.
Nd2 a5 15. Nxb5 Nxe4 16. Nxe4 Bxe4 17. Rad1 Bb7 18. Bf4 d5 19. c4 Qd7 20. cxd5
exd5 21. Rfe1 Bc5 22. Nd4 Rfe8 23. Qd2 h6 24. h4 Qh3 {Adireddy,A (2072)
-Maltsevskaya,A (2390) chess.com INT 2023 0-1 (35)}) 10... Bd7 11. Bf3 $146 ({
RR} 11. Qe1 Rc8 12. Rd1 Nxd4 13. Bxd4 Bc6 14. Qg3 Qc7 15. Kh1 Rfd8 16. Bd3 b5
17. Rde1 Qb7 18. b4 Rc7 19. Re3 g6 20. Qh3 Rdc8 21. Nd1 Nh5 22. c3 Bd7 23. e5
Bc6 24. f5 dxe5 25. Bxe5 exf5 {Ivanchuk,V (2781)-Radjabov,T (2744) Bilbao 2008
1-0 (49)}) ({RR} 11. Qe1 Nxd4 12. Bxd4 Bc6 13. Qg3 g6 14. Bf3 Nd7 15. Rad1 Qc7
16. f5 e5 17. Be3 Kh8 18. Qh3 Rg8 19. Kh1 g5 20. g4 Nf6 21. Qh6 Rg7 22. h4 Ng8
23. Qh5 Nf6 24. Qh6 Ng8 25. Qh5 {1/2-1/2 (25) Knezevic,B (2403)-Milanovic,D  
(2451) Belgrade 2003}) 11... Nxd4 12. Bxd4 Bc6 13. Qd3 Qc7 14. Kh1 b5 15. Rad1
Rfd8 16. Qe3 Rab8 17. e5 Nd7 18. exd6 Bxd6 19. Bxc6 Qxc6 20. Qg3 f6 21. Qg4 Re8
22. Rfe1 e5 23. Ba7 Rbd8 24. Ne4 Be7 25. Ng3 Bf8 26. Bg1 exf4 27. Rxe8 Rxe8 28.
Qxf4 Ne5 29. Qd2 Rc8 30. c3 Nc4 31. Qc2 Re8 32. Bd4 Re6 33. Nf1 Qe8 34. Ng3
Re1+ 35. Nf1 Nxb2 36. Qxb2 Rxd1 37. Qb3+ Qf7 38. Qxd1 Bxa3 39. Nd2 Bd6 40. Qb3
Kf8 41. Qxf7+ Kxf7 42. Bb6 Ke6 43. Ba5 Kd5 44. g3 Ba3 45. Kg2 Bc1 46. Nb3 Bb2
47. Nd2 Bc1 1/2-1/2

[Event "Floripa Chess Open 2024"]
[Site "Florianopolis"]
[Date "2024.01.23"]
[Round "5.28"]
[White "Campos, Maria Jose"]
[Black "Colivet Gamboa, Julio Cesar"]
[Result "1-0"]
[WhiteElo "2208"]
[BlackElo "1976"]
[PlyCount "67"]
[EventDate "2024.01.20"]
[EventRounds "10"]
[EventCountry "BRA"]

1. c4 c5 2. g3 g6 3. Bg2 Nc6 4. Nc3 Nf6 5. Nf3 Bg7 6. d4 cxd4 7. Nxd4 Nxd4 8.
Qxd4 O-O 9. O-O d6 10. Qd3 a6 11. Be3 Qc7 ({RR} 11... Qa5 12. Qd2 Re8 13. Rfd1
Ng4 14. Nd5 Qxd2 15. Bxd2 Rb8 16. Bg5 f6 17. Bf4 g5 18. Nxe7+ {1-0 (18)
Melkumyan,H (2650)-Banikas,H (2597) Batumi GEO 2019}) 12. Rac1 Re8 $146 ({RR} 
12... Bf5 13. Qd2 Qxc4 14. Nd5 Qxa2 15. Nxe7+ Kh8 16. Nxf5 gxf5 17. Bd4 Rab8
18. Rc7 Qe6 19. Bxb7 Ne4 20. Bxg7+ Kxg7 21. Qd4+ Qe5 22. Qxe5+ dxe5 23. Rb1
Rfd8 24. Bxa6 Nd2 25. Rbc1 Rxb2 26. R7c5 Rd6 27. Bc8 {Kirov,N (2395)-Plantet,S
(2175) Saint-Quentin 1998 1/2-1/2 (45)}) ({RR} 12... Be6 13. b3 Rac8 14. Rfd1
Bf5 15. Qd2 Rfd8 16. Bd4 Be6 17. Qe3 Ng4 18. Qe4 Bxd4 19. Qxd4 Nf6 20. h4 Qa5
21. Bxb7 Rc7 22. Bg2 Rdc8 23. e4 h5 24. Rc2 Qb4 25. Nd5 Bxd5 26. exd5 a5 27.
Qc3 {Lenderman,A (2566)-Prestia,P (2059) chess.com INT 2023 1-0 (66)}) ({RR} 
12... Bf5 13. Qd2 Rac8 14. b3 Bd7 15. Bd4 Bc6 16. Nd5 Bxd5 17. Bxd5 Nxd5 18.
cxd5 Qd7 19. Bxg7 Kxg7 20. Rc3 Qf5 21. Rfc1 Rxc3 22. Qxc3+ Kg8 23. Qc4 h5 24.
h4 e6 25. dxe6 fxe6 26. Qd4 e5 27. Qd5+ {Vadasz,L (2301)-Isepy,J (2194)
Hungary 2000 1/2-1/2 (78)}) 13. b3 Bf5 14. Qd2 Rab8 15. Rfd1 Qa5 16. Ba7 Rbc8
17. Bd4 b5 18. Bxf6 Bxf6 19. Nd5 Qxd2 20. Nxf6+ exf6 21. Rxd2 Rc5 22. f4 Be6
23. Rxd6 a5 24. Rc6 Rc8 25. Rxc8+ Rxc8 26. c5 b4 27. c6 Rc7 28. Rc5 Ra7 29. Rb5
Ra8 30. c7 Rc8 31. Rc5 Re8 32. Bc6 Rf8 33. Rxa5 Rc8 34. Ra8 1-0

[Event "Floripa Chess Open 2024"]
[Site "Florianopolis"]
[Date "2024.01.23"]
[Round "5.29"]
[White "Contin, Daniel"]
[Black "Soares, Joao Carlos T. C."]
[Result "1-0"]
[WhiteElo "2203"]
[BlackElo "1983"]
[PlyCount "41"]
[EventDate "2024.01.20"]
[EventRounds "10"]
[EventCountry "BRA"]

1. Nf3 g6 2. d4 Bg7 3. g3 Nf6 4. c4 O-O 5. Bg2 d6 6. O-O Nfd7 7. Nc3 e5 8. Bg5
f6 9. Be3 a5 ({RR} 9... Nc6 10. Rc1 Ne7 11. Bd2 f5 12. Ng5 Nf6 13. c5 e4 14.
cxd6 cxd6 15. Nb5 Ned5 16. Qb3 Qb6 17. f3 Bd7 18. fxe4 Bxb5 19. exd5 Ng4 20.
Kh1 Bxe2 21. Qxb6 axb6 22. Rfe1 Bd3 23. Ne6 Rf7 24. Kg1 {Lalic,B (2525)
-Damljanovic,B (2530) Yugoslavia 1989 1/2-1/2 (44)}) ({RR} 9... Nc6 10. Rc1 Re8
11. dxe5 dxe5 12. Qd5+ Kh8 13. Rfd1 Qe7 14. Qd2 Nf8 15. Nd5 Qf7 16. b4 Ne6 17.
b5 Ne7 18. Nh4 Ng8 19. a4 Bf8 20. c5 g5 21. Nf5 Nf4 22. gxf4 gxf4 23. Bxf4 Bxf5
24. Bg3 {Ortiz Suarez,I (2521)-Fernandez Cardoso,A (2438) Holguin CUB 2023 1-0
(37)}) 10. Qd2 Nc6 $146 ({RR} 10... exd4 11. Nxd4 Ne5 12. h3 c6 13. b3 Nf7 14.
Rad1 Na6 15. Nc2 Qe7 16. Na4 Bf5 17. Nd4 Be4 18. f3 Bf5 19. Nxf5 gxf5 20. Bb6
Nc5 21. Nxc5 dxc5 22. Bxa5 Rfe8 23. Rfe1 Bh6 24. f4 Qe3+ 25. Qxe3 {Nie,X (2229)
-Wang,X (1943) Tianjin CHN 2018 1-0 (49)}) ({RR} 10... exd4 11. Nxd4 Ne5 12. h3
c6 13. b3 Nf7 14. Rad1 Na6 15. Nc2 Qe7 16. Na4 Bf5 17. Nd4 Be4 18. f3 Bf5 19.
Nxf5 gxf5 20. Bb6 Nc5 21. Nxc5 dxc5 22. Bxa5 Rfe8 23. Rfe1 Bh6 24. f4 Qe3+ 25.
Qxe3 {Nie,X (2229)-Wang,X (1943) Tianjin CHN 2018 1-0 (49)}) 11. a3 Ne7 12.
dxe5 Nxe5 13. Nxe5 dxe5 14. Rad1 Be6 15. Bc5 Qxd2 16. Rxd2 Rfe8 17. Nb5 Bxc4
18. Nxc7 Red8 19. Rc2 Rac8 20. Bxe7 Rd7 21. Nd5 1-0

[Event "Floripa Chess Open 2024"]
[Site "Florianopolis"]
[Date "2024.01.23"]
[Round "5.30"]
[White "Ribeiro, Davison Soares"]
[Black "Marra, Eduardo Da Costa"]
[Result "1-0"]
[WhiteElo "1989"]
[BlackElo "2189"]
[PlyCount "108"]
[EventDate "2024.01.20"]
[EventRounds "10"]
[EventCountry "BRA"]

1. d4 Nf6 2. Bf4 d5 3. Nc3 a6 4. Nf3 e6 5. a3 c5 6. e3 Nc6 7. dxc5 Bxc5 8. Bd3
Bd6 9. Bxd6 Qxd6 10. e4 d4 11. Ne2 e5 12. Ng3 $146 ({RR} 12. O-O O-O 13. h3 h6
14. Ng3 Be6 15. Re1 Rac8 16. Nf5 Bxf5 17. exf5 Rfe8 18. Nd2 b5 19. b4 Nd5 20.
Ne4 Qd8 21. Nc5 Nc3 22. Qf3 a5 23. Nb7 Qc7 24. Nxa5 Nxa5 25. bxa5 f6 26. a6 Ra8
{Sailer,M (2095)-Gurevich,D (2374) chess.com INT 2023 1-0 (37)}) 12... h6 13.
O-O Be6 14. Nh4 Ne7 15. Qe2 g5 16. Nhf5 Bxf5 17. exf5 O-O 18. Rfe1 Nc6 19. Ne4
Nxe4 20. Qxe4 Qf6 21. Qg4 Kh8 22. Re4 Rac8 23. Rae1 Rg8 24. Qh5 b5 25. Rg4 Rce8
26. h4 Re7 27. Ree4 Nb8 28. hxg5 Rxg5 29. Qh2 Rxg4 30. Rxg4 Nd7 31. Rh4 Kg7 32.
Rg4+ Kh7 33. Rh4 Re8 34. b4 Nf8 35. Be4 Qg5 36. g3 Rd8 37. Rh5 Qc1+ 38. Kg2 Rd6
39. Qh4 f6 40. Qg4 Rd7 41. Qh4 Rd6 42. Qg4 Rd7 43. Rh1 Qd2 44. Qh5 Re7 45. Qf3
Kg7 46. Rh5 Nh7 47. Rh1 Ng5 48. Qg4 Kh7 49. Rd1 Qc3 50. Rh1 Rg7 51. Rxh6+ Kg8
52. Qh5 Nf7 53. Rg6 d3 54. cxd3 Nh8 1-0

[Event "Floripa Chess Open 2024"]
[Site "Florianopolis"]
[Date "2024.01.23"]
[Round "5.32"]
[White "Andrade, Roberto Luiz Costa"]
[Black "De Borba, Gabriel"]
[Result "0-1"]
[WhiteElo "1962"]
[BlackElo "2171"]
[PlyCount "146"]
[EventDate "2024.01.20"]
[EventRounds "10"]
[EventCountry "BRA"]

1. e4 c5 2. Nf3 e6 3. d4 cxd4 4. Nxd4 a6 5. Nc3 Qc7 6. Bd3 Nf6 7. O-O d6 8. Kh1
Nbd7 9. Qe2 ({RR} 9. Bg5 b5 10. a3 Bb7 11. f4 h6 12. Bh4 g5 13. fxg5 hxg5 14.
Bxg5 d5 15. h3 dxe4 16. Bxb5 axb5 17. Ndxb5 Qg3 {0-1 (17) Nijboer,F (2559)-Van
Wely,L (2632) Amstelveen 2015}) ({RR} 9. f4 b5 10. a3 Bb7 11. Qe2 Be7 12. Bd2
Nc5 13. Rae1 Qd7 14. b4 Nxd3 15. cxd3 Rc8 16. h3 O-O 17. Rc1 h6 18. Qf3 Nh7 19.
Qg3 f5 20. Qe3 Rfe8 21. Kh2 Bf8 22. Nce2 fxe4 23. dxe4 Nf6 {Lauritsen,M (2088)
-Castellanos Rodriguez,R (2487) Copenhagen DEN 2023 0-1 (46)}) 9... b5 10. Bg5
$146 ({RR} 10. f4 Bb7 11. Bd2 Be7 12. b4 O-O 13. a4 bxa4 14. Rxa4 Nb6 15. Raa1
Qc8 16. e5 Nfd7 17. exd6 Bf6 18. Qf2 Nc4 19. Ne4 Bxe4 20. Bxe4 Rb8 21. c3 Nxd6
22. Bd3 Nc4 23. Qe2 Nxd2 24. Qxd2 Rb6 {Warakomska,A (2343)-Mkrtchian,L (2425)
Riga 2017 1/2-1/2 (32)}) ({RR} 10. f4 Bb7 11. Bd2 Be7 12. Rae1 O-O 13. Qf3 Nc5
14. Be2 b4 15. Nd1 Nfxe4 16. Qe3 Bh4 17. Bxb4 Bxe1 18. Bxe1 Rab8 19. Nc3 Rfe8
20. Nxe4 Nxe4 21. Bd3 f5 22. c3 Qf7 23. Qe2 Qg6 24. Nf3 Nc5 {Popiel,N (1376)
-Sliwicka,A (1693) Solina 2012 0-1 (61)}) 10... Bb7 11. Rae1 h6 12. Bh4 e5 13.
Nd5 Nxd5 14. Ne6 Qc8 15. exd5 g5 16. Nxf8 Kxf8 17. Bg3 Bxd5 18. Be4 Bxe4 19.
Qxe4 Nf6 20. Qb4 Kg7 21. Qxd6 Rd8 22. Qxe5 Qxc2 23. Qc7 Qxc7 24. Bxc7 Rd2 25.
Be5 Kg6 26. f4 Nd5 27. f5+ Kh7 28. Rd1 Rxd1 29. Rxd1 Ne3 30. Rd7 Kg8 31. f6 Re8
32. Bd4 Nf5 33. Bc3 Re6 34. g4 Rd6 35. Ra7 Ne3 36. h3 Nd5 37. Be5 Re6 38. Bd4
Nxf6 39. a3 Kg7 40. Ra8 Kg6 41. Kg2 Ne8 42. Kf3 h5 43. Ra7 f5 44. gxf5+ Kxf5
45. Rf7+ Nf6 46. Bc3 Kg6 47. Ra7 Ne8 48. Ra8 Nf6 49. Ra7 Rd6 50. Rb7 Rd3+ 51.
Kg2 Ne4 52. Rg7+ Kf5 53. Bb4 Rg3+ 54. Kh2 Rb3 55. Rf7+ Ke5 56. Re7+ Kf4 57.
Rf7+ Ke3 58. Rh7 Rxb2+ 59. Kg1 Kf3 60. Re7 Rg2+ 61. Kf1 Ng3+ 62. Ke1 Re2+ 63.
Rxe2 Nxe2 64. Be7 g4 65. hxg4 hxg4 66. Bc5 g3 67. Kd2 g2 68. a4 b4 69. a5 g1=Q
70. Bxg1 Nxg1 71. Kd3 Ne2 72. Kc4 Ke3 73. Kxb4 Kd4 0-1

[Event "Floripa Chess Open 2024"]
[Site "Florianopolis"]
[Date "2024.01.23"]
[Round "5.33"]
[White "Federzoni, Enzo"]
[Black "Silva, Jeferson"]
[Result "1-0"]
[WhiteElo "2170"]
[BlackElo "1957"]
[PlyCount "79"]
[EventDate "2024.01.20"]
[EventRounds "10"]
[EventCountry "BRA"]

1. e4 c5 2. Nf3 d6 3. d4 cxd4 4. Nxd4 Nf6 5. Nc3 Nc6 6. Bg5 e6 7. Qd3 Be7 8.
O-O-O a6 9. Nxc6 bxc6 10. Qg3 e5 ({RR} 10... Qc7 11. Bc4 e5 12. Bb3 O-O 13. h4
Kh8 14. h5 h6 15. Be3 a5 16. a4 Rb8 17. f4 Rb4 18. fxe5 dxe5 19. Rh4 Bd7 20.
Rf1 Rfb8 21. Rhh1 Rxb3 22. cxb3 Rxb3 23. Rf2 Be6 24. Rd1 Qb8 25. Rc2 {
Alekseenko,K (2696)-Vidit,S (2726) chess.com INT 2020 0-1}) ({RR} 10... Qc7 11.
Be2 Rb8 12. h4 Qb6 13. b3 O-O 14. f4 e5 15. h5 exf4 16. Bxf4 Be6 17. e5 dxe5
18. Bh6 Ng4 19. Bxg4 gxh6 20. Ne4 Bxg4 21. Qxg4+ Kh8 22. Qf5 Qe3+ 23. Kb1 Qf4
24. Qd7 Ba3 25. Qxc6 {Piccoli,L (2263)-Silva,J (1957) Florianopolis BRA 2024
1-0 (51)}) 11. Be2 Rb8 12. Rd3 $146 ({RR} 12. Kb1 Be6 13. b3 a5 14. Qd3 Qb6 15.
f4 h6 16. Bxf6 gxf6 17. f5 Bc8 18. Na4 Qb4 19. Qc4 Qxc4 20. Bxc4 Rg8 21. g3 Rg4
22. Nc3 Bxf5 23. Be2 Rxe4 24. Nxe4 Bxe4 25. Rhf1 d5 26. Bg4 a4 {Khegay,D (2521)
-Zakaryan,D (2283) Sochi RUS 2021 1-0 (46)}) 12... Qb6 13. b3 O-O 14. Bxf6 Bxf6
15. Rxd6 Kh8 16. Bc4 Qc5 17. Rhd1 a5 18. a4 Rb4 19. Ne2 Rxc4 20. bxc4 Qxc4 21.
Qd3 Qxa4 22. Rxf6 gxf6 23. Qd6 Qb4 24. Qxf6+ Kg8 25. Qg5+ Kh8 26. Qxe5+ f6 27.
Qd6 Ba6 28. Nf4 Rf7 29. Qxb4 axb4 30. Rd8+ Kg7 31. Rb8 Bb5 32. Ne6+ Kg6 33. Nd4
Re7 34. f3 Re5 35. Rb7 Rc5 36. Nf5 Rxf5 37. exf5+ Kxf5 38. Rxh7 Kf4 39. Rg7 Bc4
40. Rg4+ 1-0

[Event "Floripa Chess Open 2024"]
[Site "Florianopolis"]
[Date "2024.01.23"]
[Round "5.34"]
[White "Bassani, Jaison Jose"]
[Black "Labussiere, Yago"]
[Result "0-1"]
[WhiteElo "1949"]
[BlackElo "2167"]
[PlyCount "130"]
[EventDate "2024.01.20"]
[EventRounds "10"]
[EventCountry "BRA"]

1. e4 {Donev,I} c5 2. Nc3 Nc6 3. g3 g6 4. Bg2 Bg7 5. d3 d6 6. Be3 e5 7. Qd2
Nge7 8. f4 O-O 9. Nf3 Nd4 10. O-O Bg4 11. Rf2 ({RR} 11. h3 Nxf3+ 12. Bxf3 Bxh3
13. Rf2 Be6 14. f5 gxf5 15. exf5 Nxf5 16. Bxb7 Rb8 17. Bd5 Nxe3 18. Qxe3 Rxb2
19. Raf1 h6 20. Qe4 Rb4 21. Bc4 Qg5 22. Kg2 Rbb8 23. Nd5 Kh8 24. Nf6 Bxf6 25.
Rxf6 Rg8 {Martin Fuentes,A (2393)-Cordoba Roa,A (2214) chess.com INT 2023 0-1 
(58)}) 11... Qd7 12. Raf1 f6 $146 ({RR} 12... exf4 13. Bxf4 ({RR} 13. gxf4 Bxf3
14. Bxf3 f5 15. Bg2 Rae8) 13... Nxf3+ 14. Bxf3 Bxf3 15. Rxf3 b5 ({RR} 15... d5
16. Bg5 d4 17. Ne2 Nc6 18. Bf6 Ne5 19. Bxe5 Bxe5 20. Nf4) 16. Bh6 b4 17. Bxg7
Kxg7 18. Nd1 ({RR} 18. Ne2 Qe6 ({RR} 18... d5 19. Qg5) 19. c4 bxc3 ({RR} 19...
Qe5 20. Nf4) 20. Qxc3+ Qe5 21. Qc4) 18... f6 19. Ne3 Qe6 20. a3 a5 ({RR} 20...
bxa3 21. bxa3 ({RR} 21. b3 a5 22. Ra1 a4 23. Rxa3 axb3 24. Rxb3)) 21. Rf4 Rf7
22. Qg2 Raf8 23. g4 Kh8 24. Kh1 Nc6 25. Nd5 Ne7 26. Ne3 Nc6 27. Nc4 {Short,N  
(2677)-Nataf,I (2526) New Delhi/Teheran 2000 CBM 081 [Donev,I] 1/2-1/2 (33)}) (
{RR} 12... Rae8 13. fxe5 dxe5 14. Bh6 f6 15. Bxg7 Kxg7 16. Nh4 b5 17. a3 a5 18.
Nd5 Nxd5 19. exd5 b4 20. c3 bxc3 21. bxc3 Nb3 22. Qc2 c4 23. dxc4 Nc5 24. Nf3
Bxf3 25. Rxf3 e4 26. Re3 f5 27. Qd2 {Ciruk,J (2240)-Styggen Dos Hermanas 2003
1-0 (44)}) 13. Nh4 Be6 14. fxe5 dxe5 15. Bh6 Rad8 16. Bxg7 Kxg7 17. b3 b5 18.
Nf3 a6 19. a4 Qc6 20. axb5 axb5 21. Ne2 Qb6 22. Nexd4 cxd4 23. Ra1 Nc6 24. Rff1
Ra8 25. Qf2 Rxa1 26. Rxa1 Qb7 27. Rf1 Qe7 28. Ra1 Rc8 29. Qd2 Nb4 30. Ne1 Qc5
31. Ra5 Nc6 32. Ra6 Rc7 33. Bf3 Bc8 34. Ra1 Bb7 35. h4 Bc8 36. g4 Ra7 37. Rxa7+
Qxa7 38. g5 Qe7 39. Kf2 Bd7 40. gxf6+ Qxf6 41. Qg5 Nd8 42. Kg3 h5 43. Qxf6+
Kxf6 44. Bd1 Nf7 45. Nf3 Bg4 46. Be2 Bxf3 47. Bxf3 b4 48. Be2 Kg7 49. Bf3 Kh6
50. Be2 g5 51. Bf3 Nh8 52. hxg5+ Kxg5 53. Bg2 Ng6 54. Bh3 Nf4 55. Bd7 Ng6 56.
Bc8 Ne7 57. Be6 Kf6 58. Bd7 Ng6 59. Bf5 Kg7 60. Bd7 Kh6 61. Bc8 Ne7 62. Be6 Kg5
63. Bd7 Ng8 64. Be6 Nf6 65. Bf5 Ng4 0-1